Міста України - Statistics

General Stats
  • This quiz has been taken 270 times
    230 since last reset
  • The average score is 105 of 462
Answer Stats
Group Population(2022) Answer % Correct
Міста зі спеціальним статусом 2 952 301 Київ
90%
Львівська область 717 273 Львів
81%
Донецька область 901 645 Донецьк
78%
Житомирська область 261 624 Житомир
78%
Міста зі спеціальним статусом 344 853 Севастополь
76%
Вінницька область 369 739 Вінниця
72%
Львівська область 14 498 Миколаїв
72%
Миколаївська область 470 011 Миколаїв
72%
Одеська область 1 010 537 Одеса
72%
Волинська область 215 986 Луцьк
71%
Дніпропетровська область 968 502 Дніпро
71%
Луганська область 397 677 Луганськ
71%
Тернопільська область 225 004 Тернопіль
71%
Харківська область 1 421 125 Харків
71%
Сумська область 256 474 Суми
70%
Донецька область 425 681 Маріуполь
69%
Запорізька область 710 052 Запоріжжя
69%
Івано-Франківська область 238 196 Івано-Франківськ
69%
Автономна Республіка Крим 338 319 Сімферополь
68%
Закарпатська область 115 449 Ужгород
68%
Херсонська область 279 131 Херсон
68%
Полтавська область 279 593 Полтава
67%
РІвненська область 243 873 Рівне
67%
Київська область 207 273 Біла Церква
66%
Чернігівська область 282 747 Чернігів
64%
Донецька область 71 094 Бахмут
63%
Дніпропетровська область 603 904 Кривий Ріг
62%
Київська область 37 321 Буча
61%
Хмельницька область 274 452 Хмельницький
61%
Черкаська область 269 836 Черкаси
61%
Чернівецька область 264 298 Чернівці
61%
Автономна Республіка Крим 78 200 Ялта
59%
Закарпатська область 85 569 Мукачево
59%
Кіровоградська область 219 676 Кропивницький
59%
Донецька область 147 145 Краматорськ
58%
Київська область 65 167 Ірпінь
58%
Автономна Республіка Крим 144 626 Керч
55%
Запорізька область 148 851 Мелітополь
53%
Запорізька область 107 928 Бердянськ
53%
Харківська область 44 979 Ізюм
52%
Дніпропетровська область 37 493 Покров
51%
Київська область 64 117 Бориспіль
51%
Донецька область 105 141 Слов'янськ
50%
Донецька область 60 127 Покровськ
50%
Київська область 1 054 Чорнобиль
50%
Донецька область 338 968 Макіївка
49%
Донецька область 239 828 Горлівка
49%
Хмельницька область 96 896 Кам'янець-Подільський
49%
Дніпропетровська область 101 430 Павлоград
48%
Київська область 109 806 Бровари
48%
Львівська область 73 682 Дрогобич
48%
Одеська область 69 932 Ізмаїл
48%
Волинська область 37 910 Володимир
47%
Полтавська область 215 271 Кременчук
47%
Волинська область 67 575 Ковель
46%
Донецька область 31 392 Авдіївка
46%
Київська область 0 Припять
46%
Дніпропетровська область 105 160 Нікополь
45%
Житомирська область 73 046 Бердичів
45%
Львівська область 59 425 Стрий
45%
Автономна Республіка Крим 28 295 Алушта
44%
Житомирська область 61 496 Коростень
44%
Луганська область 99 067 Сіверськодонецьк
44%
Черкаська область 81 525 Умань
44%
Івано-Франківська область 65 088 Калуш
43%
Луганська область 93 340 Лисичанськ
43%
Донецька область 53 977 Дружківка
42%
Запорізька область 52 887 Енергодар
42%
Одеська область 57 983 Чорноморськ
42%
Херсонська область 44 427 Нова Каховка
42%
Автономна Республіка Крим 107 040 Євпаторія
41%
Кіровоградська область 76 097 Олександрія
41%
Львівська область 64 297 Шептицький
41%
Сумська область 83 543 Конотоп
41%
Харківська область 26 627 Куп'янськ
41%
Херсонська область 34 749 Каховка
41%
Донецька область 14 144 Вугледар
40%
Автономна Республіка Крим 26 651 Бахчисарай
38%
Дніпропетровська область 226 845 Кам'янське
38%
Дніпропетровська область 69 855 Самар
38%
Донецька область 46 098 Мирноград
38%
Київська область 44 014 Фастів
38%
РІвненська область 36 901 Дубно
38%
Харківська область 17 459 Вовчанськ
38%
Чернігівська область 65 830 Ніжин
38%
Автономна Республіка Крим 69 040 Феодосія
37%
Вінницька область 33 754 Жмеринка
37%
Запорізька область 12 786 Гуляйполе
37%
Івано-Франківська область 60 821 Коломия
37%
Полтавська область 37 886 Миргород
37%
Автономна Республіка Крим 35 693 Джанкой
36%
Донецька область 10 490 Соледар
36%
Закарпатська область 28 039 Хуст
36%
Закарпатська область 15 536 Рахів
36%
Закарпатська область 8 626 Чоп
36%
Київська область 33 109 Вишгород
36%
Київська область 26 273 Переяслав
36%
Сумська область 71 966 Шостка
36%
Дніпропетровська область 42 052 Жовті Води
35%
Донецька область 20 006 Лиман
35%
Донецька область 10 875 Сіверськ
35%
Автономна Республіка Крим 8 528 Алупка
34%
Волинська область 49 772 Нововолинськ
34%
Донецька область 67 350 Костянтинівка
34%
Івано-Франківська область 7 907 Яремче
34%
Луганська область 36 091 Сокологірськ
34%
Одеська область 47 727 Білгород-Дністровський
34%
Полтавська область 44 089 Лубни
34%
Житомирська область 55 086 Звягель
33%
Київська область 33 287 Обухів
33%
Сумська область 46 660 Охтирка
33%
Луганська область 106 062 Алчевськ
32%
Миколаївська область 62 426 Первомайськ
32%
Черкаська область 65 675 Сміла
32%
Вінницька область 29 925 Могилів-Подільський
31%
Вінницька область 15 337 Бар
31%
Донецька область 21 116 Волноваха
31%
Запорізька область 13 896 Оріхів
31%
Київська область 24 464 Славутич
31%
РІвненська область 28 626 Сарни
31%
Хмельницька область 40 299 Шепетівка
31%
Автономна Республіка Крим 22 286 Армянськ
30%
Львівська область 28 287 Трускавець
30%
Чернівецька область 8 936 Хотин
30%
Донецька область 76 673 Єнакієве
29%
Донецька область 9 089 Мар'їнка
29%
Запорізька область 29 573 Токмак
29%
Львівська область 34 152 Самбір
29%
РІвненська область 41 711 Вараш
29%
Тернопільська область 28 279 Чортків
29%
Закарпатська область 23 325 Берегове
28%
Львівська область 23 912 Золочів
28%
Херсонська область 16 969 Скадовськ
28%
Донецька область 30 914 Торецьк
27%
Донецька область 12 250 Часів Яр
27%
Донецька область 4 226 Святогірськ
27%
Київська область 42 983 Вишневе
27%
Миколаївська область 13 663 Очаків
27%
Сумська область 37 765 Ромни
27%
Чернігівська область 51 637 Прилуки
27%
Чернігівська область 12 375 Новгород-Сіверський
27%
Вінницька область 25 698 Гайсин
26%
Донецька область 18 220 Курахове
26%
Львівська область 16 085 Городок
26%
Хмельницька область 15 633 Городок
26%
Вінницька область 26 916 Хмільник
25%
Дніпропетровська область 44 980 Марганець
25%
Донецька область 48 208 Шахтарськ
25%
Донецька область 28 170 Добропілля
25%
Івано-Франківська область 6 086 Галич
25%
Луганська область 55 247 Рубіжне
25%
Львівська область 32 473 Борислав
25%
Миколаївська область 38 560 Південноукраїнськ
25%
Одеська область 39 220 Подільськ
25%
Харківська область 53 126 Лозова
25%
Харківська область 31 018 Чугуїв
25%
Донецька область 24 209 Дебальцеве
24%
Житомирська область 15 250 Овруч
24%
Київська область 37 068 Васильків
24%
Львівська область 23 134 Броди
24%
Миколаївська область 33 442 Вознесенськ
24%
Херсонська область 18 889 Генічеськ
24%
Донецька область 15 395 Іловайськ
23%
Київська область 18 995 Яготин
23%
Львівська область 5 562 Моршин
23%
Полтавська область 49 854 Горішні Плавні
23%
Тернопільська область 20 476 Кременець
23%
Черкаська область 23 172 Канів
23%
Черкаська область 8 539 Чигирин
23%
Автономна Республіка Крим 29 672 Яни Капу
22%
Вінницька область 10 679 Ямпіль
22%
Донецька область 56 182 Харцизьк
22%
Донецька область 45 767 Сніжне
22%
Донецька область 11 051 Новоазовськ
22%
Одеська область 32 677 Південне
22%
Херсонська область 24 124 Олешки
22%
Житомирська область 24 129 Коростишів
21%
Львівська область 12 785 Яворів
21%
Львівська область 8 494 Рава-Руська
21%
Сумська область 31 789 Глухів
21%
Чернігівська область 2 406 Батурин
21%
Вінницька область 22 459 Ладижин
20%
Вінницька область 22 241 Козятин
20%
Волинська область 12 477 Камінь-Каширський
20%
Волинська область 1 630 Берестечко
20%
Житомирська область 25 172 Малин
20%
Закарпатська область 25 317 Виноградів
20%
Закарпатська область 8 887 Тячів
20%
Запорізька область 18 111 Пологи
20%
Одеська область 17 854 Балта
20%
РІвненська область 14 894 Острог
20%
Харківська область 26 334 Балаклія
20%
Хмельницька область 33 921 Старокостянтинів
20%
Черкаська область 27 206 Золотоноша
20%
Автономна Республіка Крим 15 532 Судак
19%
Вінницька область 14 446 Тульчин
19%
Донецька область 53 462 Чистякове
19%
Закарпатська область 9 163 Іршава
19%
Івано-Франківська область 22 504 Надвірна
19%
Київська область 34 394 Боярка
19%
Луганська область 79 533 Хрустальний
19%
Луганська область 16 145 Сватове
19%
Полтавська область 22 851 Гадяч
19%
РІвненська область 24 501 Здолбунів
19%
Сумська область 19 544 Тростянець
19%
Тернопільська область 13 346 Збараж
19%
Тернопільська область 12 171 Бучач
19%
Черкаська область 10 945 Кам'янка
19%
Донецька область 10 655 Українськ
18%
Івано-Франківська область 20 417 Долина
18%
Івано-Франківська область 14 737 Бурштин
18%
Івано-Франківська область 8 351 Косів
18%
Івано-Франківська область 7 521 Рогатин
18%
Кіровоградська область 43 130 Світловодськ
18%
Кіровоградська область 21 221 Знам'янка
18%
Кіровоградська область 14 010 Гайворон
18%
Луганська область 15 947 Старобільськ
18%
Львівська область 9 680 Радехів
18%
Одеська область 14 818 Болград
18%
Хмельницька область 34 918 Славута
18%
Черкаська область 17 216 Корсунь-Шевченківський
18%
Вінницька область 11 421 Немирів
17%
Дніпропетровська область 29 651 Синельникове
17%
Донецька область 34 144 Ясинувата
17%
Донецька область 21 521 Селидове
17%
Закарпатська область 17 068 Свалява
17%
Запорізька область 14 324 Вільнянськ
17%
Запорізька область 11 397 Приморськ
17%
Київська область 16 081 Українка
17%
Луганська область 62 691 Довжанськ
17%
Львівська область 13 852 Жовква
17%
Миколаївська область 12 045 Снігурівка
17%
Полтавська область 14 988 Пирятин
17%
Херсонська область 11 895 Берислав
17%
Чернігівська область 16 862 Бахмач
17%
Автономна Республіка Крим 23 391 Саки
16%
Донецька область 17 998 Амвросіївка
16%
Луганська область 73 248 Кадіївка
16%
Луганська область 18 116 Кремінна
16%
Львівська область 939 Угнів
16%
Миколаївська область 12 180 Баштанка
16%
Миколаївська область 11 510 Нова Одеса
16%
Сумська область 23 892 Лебедин
16%
Волинська область 13 798 Ківерці
15%
Волинська область 8 925 Горохів
15%
Донецька область 22 835 Докучаєвськ
15%
Донецька область 11 127 Світлодарськ
15%
Житомирська область 13 685 Радомишль
15%
Запорізька область 12 771 Василівка
15%
Івано-Франківська область 9 718 Снятин
15%
Київська область 16 047 Березань
15%
Київська область 11 103 Миронівка
15%
Луганська область 11 411 Щастя
15%
Львівська область 31 366 Новояворівськ
15%
Львівська область 2 191 Белз
15%
Одеська область 18 745 Кілія
15%
Одеська область 17 736 Рені
15%
Одеська область 14 355 Арциз
15%
РІвненська область 30 838 Костопіль
15%
РІвненська область 13 126 Березне
15%
Херсонська область 13 544 Гола Пристань
15%
Хмельницька область 36 492 Нетішин
15%
Житомирська область 8 325 Андрушівка
14%
Київська область 15 789 Богуслав
14%
Львівська область 19 037 Винники
14%
Львівська область 6 440 Старий Самбір
14%
Миколаївська область 14 782 Новий Буг
14%
Одеська область 10 836 Татарбунари
14%
Одеська область 7 712 Вилкове
14%
Харківська область 19 674 Берестин
14%
Харківська область 14 624 Богодухів
14%
Харківська область 7 319 Південне
14%
Волинська область 10 295 Любомль
13%
Дніпропетровська область 18 140 П'ятихатки
13%
Дніпропетровська область 13 069 Апостолове
13%
Донецька область 17 871 Зугрес
13%
Донецька область 14 666 Красногорівка
13%
Донецька область 14 210 Миколаївка
13%
Донецька область 11 422 Кальміуське
13%
Донецька область 10 357 ГІрник
13%
Житомирська область 10 032 Олевськ
13%
Луганська область 52 150 Антрацит
13%
Луганська область 45 514 Ровеньки
13%
Луганська область 19 199 Попасна
13%
Львівська область 20 373 Сокаль
13%
Львівська область 8 662 Буськ
13%
Одеська область 9 958 Теплодар
13%
Одеська область 9 428 Березівка
13%
РІвненська область 9 343 Дубровиця
13%
Тернопільська область 17 139 Бережани
13%
Тернопільська область 13 226 Теребовля
13%
Тернопільська область 10 632 Борщів
13%
Тернопільська область 8 928 Заліщики
13%
Тернопільська область 7 633 Почаїв
13%
Харківська область 21 202 Мерефа
13%
Хмельницька область 18 295 Волочиськ
13%
Хмельницька область 15 996 Ізяслав
13%
Вінницька область 18 492 Калинівка
12%
Вінницька область 6982 Шаргород
12%
Волинська область 12 483 Рожище
12%
Донецька область 14 634 Білозерське
12%
Донецька область 7 764 Білицьке
12%
Донецька область 7 294 Вуглегірськ
12%
Донецька область 4 928 Залізне
12%
Запорізька область 18 036 Дніпрорудне
12%
Київська область 12 640 Тетіїв
12%
Харківська область 13 737 Зміїв
12%
Автономна Республіка Крим 9 478 Старий Крим
11%
Вінницька область 9209 Погребище
11%
Волинська область 2 060 Устилуг
11%
Дніпропетровська область 15 477 Верхньодніпровськ
11%
Донецька область 9 850 Родинське
11%
Житомирська область 11 161 Баранівка
11%
Івано-Франківська область 8 958 Тисмениця
11%
Київська область 7 175 Ржищів
11%
Кіровоградська область 16 080 Новоукраїнка
11%
Львівська область 10 353 Жидачів
11%
Львівська область 9 372 Пустомити
11%
Львівська область 6 054 Сколе
11%
Одеська область 17 441 Роздільна
11%
Полтавська область 14 045 Карлівка
11%
Сумська область 22 111 Кролевець
11%
Тернопільська область 6 621 Зборів
11%
Харківська область 20 001 Люботин
11%
Харківська область 17 139 Дергачі
11%
Харківська область 14 000 Слобожанське
11%
Харківська область 7 840 Барвінкове
11%
Хмельницька область 15 707 Дунаївці
11%
Черкаська область 13 242 Жашків
11%
Чернівецька область 3 803 Вижниця
11%
Автономна Республіка Крим 18 252 Білогірськ
10%
Вінницька область 12 205 Бершадь
10%
Вінницька область 12 191 Гнівань
10%
Вінницька область 11 095 Іллінці
10%
Дніпропетровська область 22 079 Вільногірськ
10%
Дніпропетровська область 12 692 Зеленодольськ
10%
Донецька область 27 370 Хрестівка
10%
Донецька область 14 037 Новогродівка
10%
Донецька область 13 495 Бунге
10%
Житомирська область 5 357 Чуднів
10%
Закарпатська область 6 477 Перечин
10%
Івано-Франківська область 10 259 Болехів
10%
Київська область 15 165 Сквира
10%
Київська область 13 133 Кагарлик
10%
Луганська область 42 315 Сорокине
10%
Львівська область 8 954 Ходорів
10%
Львівська область 3 761 Бібрка
10%
РІвненська область 6 914 Корець
10%
Сумська область 15 600 Білопілля
10%
Сумська область 14 886 Путивль
10%
Сумська область 4 504 Хутір-Михайлівський
10%
Тернопільська область 8 215 Ланівці
10%
Харківська область 28 510 Златопіль
10%
Хмельницька область 20 172 Полонне
10%
Чернівецька область 14 077 Сторожинець
10%
Чернівецька область 8 547 Сокиряни
10%
Автономна Республіка Крим 12 028 Інкерман
9%
Вінницька область 7958 Липовець
9%
Дніпропетровська область 27 099 Шахтарське
9%
Донецька область 10 471 Моспине
9%
Київська область 9 689 Тараща
9%
Кіровоградська область 10 396 Бобринець
9%
Львівська область 10 397 Кам'янка-Бузька
9%
Львівська область 9 103 Мостиська
9%
Полтавська область 9 465 Кобеляки
9%
Черкаська область 16 323 Шпола
9%
Автономна Республіка Крим 11 169 Щолкіне
8%
Дніпропетровська область 26 961 Тернівка
8%
Івано-Франківська область 8 812 Городенка
8%
Київська область 11 921 Узин
8%
Кіровоградська область 10 715 Новомиргород
8%
Львівська область 27 841 Новий Розділ
8%
Львівська область 6 286 Великі Мости
8%
Одеська область 8 404 Кодима
8%
Полтавська область 12 540 Хорол
8%
РІвненська область 10 427 Радивилів
8%
Сумська область 6 888 Середина-Буда
8%
Тернопільська область 5 300 Шумськ
8%
Хмельницька область 18 356 Красилів
8%
Хмельницька область 9 772 Деражня
8%
Чернігівська область 12 202 Корюківка
8%
Чернігівська область 10 935 Мена
8%
Чернігівська область 10 390 Ічня
8%
Івано-Франківська область 8 689 Тлумач
7%
Кіровоградська область 18 225 Долинська
7%
Львівська область 10 712 Соснівка
7%
Львівська область 6 925 Турка
7%
Полтавська область 9 168 Зіньків
7%
Сумська область 6 674 Ворожба
7%
Харківська область 8 577 Валки
7%
Черкаська область 13 062 Городище
7%
Чернівецька область 7 399 Новоселиця
7%
Чернівецька область 6 049 Кіцмань
7%
Чернігівська область 5 564 Остер
7%
Дніпропетровська область 19 138 Підгородне
6%
Запорізька область 12 332 Кам'янка-Дніпровська
6%
Луганська область 44 760 Брянка
6%
Луганська область 13 007 Золоте
6%
Львівська область 20 200 Стебник
6%
Львівська область 9 748 Дубляни
6%
Львівська область 6 415 Перемишляни
6%
Львівська область 4 104 Хирів
6%
Одеська область 12 355 Біляївка
6%
Полтавська область 11 014 Лохвиця
6%
Полтавська область 10 541 Гребінка
6%
Полтавська область 9 021 Решетилівка
6%
Тернопільська область 5 380 Монастириська
6%
Херсонська область 10 108 Таврійськ
6%
Черкаська область 16 269 Звенигородка
6%
Чернігівська область 10 541 Бобровиця
6%
Чернігівська область 9 454 Борзна
6%
Донецька область 11 867 Жданівка
5%
Одеська область 7 626 Ананьїв
5%
Тернопільська область 3 739 Скалат
5%
Тернопільська область 2 609 Підгайці
5%
Черкаська область 9 879 Христинівка
5%
Черкаська область 8 338 Монастирище
5%
Чернівецька область 2 097 Герца
5%
Чернігівська область 12 908 Носівка
5%
Чернігівська область 10 620 Сновськ
5%
Дніпропетровська область 9 948 Верхівцеве
4%
Дніпропетровська область 9 639 Перещепине
4%
Запорізька область 6 099 Молочанськ
4%
Кіровоградська область 9 960 Мала Виска
4%
Кіровоградська область 8 608 Помічна
4%
Кіровоградська область 5 825 Благовіщенське
4%
Луганська область 26 654 Голубівка
4%
Луганська область 24 817 Перевальськ
4%
Луганська область 22 449 Отаманівка
4%
Луганська область 9 100 ГІрське
4%
Луганська область 4 148 Алмазна
4%
Львівська область 6 470 Судова Вишня
4%
Львівська область 4 243 Новий Калинів
4%
Львівська область 4 111 Добромиль
4%
Львівська область 3 653 Комарно
4%
Львівська область 2 954 Глиняни
4%
Полтавська область 8 955 Глобине
4%
Сумська область 8 197 Буринь
4%
Тернопільська область 6 652 Хоростків
4%
Тернопільська область 6 502 Копичинці
4%
Черкаська область 15 763 Багачеве
4%
Черкаська область 12 839 Тальне
4%
Чернівецька область 10 463 Дністровськ
4%
Чернівецька область 7 750 Заставна
4%
Чернівецька область 5 215 Вашківці
4%
Чернігівська область 7 792 Семенівка
4%
Луганська область 11 421 Боково-Хрустальне
3%
Луганська область 6 705 Новодружеськ
3%
Львівська область 5 230 Рудки
3%
Полтавська область 7 712 Заводське
3%
Чернігівська область 11 506 Городня
3%
Луганська область 20 390 Суходільськ
2%
Луганська область 17 061 Лутугине
2%
Луганська область 12 642 Петрово-Красносілля
2%
Луганська область 9 557 Зимогір'я
2%
Луганська область 9 270 Ірміно
2%
Луганська область 7 096 Зоринськ
2%
Луганська область 6 520 Привілля
2%
Луганська область 4 596 Міусинськ
2%
Луганська область 15 218 Вознесенівка
1%
Луганська область 7 162 Кипуче
1%
Луганська область 6 401 Олександрівськ
1%
No matching quizzes found
Score Distribution
Percent of People with Each Score
Percentile by Number Answered
Your Score History
You have not taken this quiz since the last reset